000 01009cam a22002531i 4500
003 SA-RiAUC
005 20250901091939.0
008 250831q19001999ua g 000 0 ara c
040 _aSA-RiKSU
_bara
_cSA-RiAUC
_erda
043 _aa-su---
082 0 4 _a252.5
_qSA-RiAUC
090 _a252.5
_bش ن ق
100 1 _aالشنقيطي، محمد الأمين بن محمد المختار بن عبد القادر،
_d1907-1973
_eمؤلف.
245 1 0 _aرحلة الحج إلى بيت الله الحرام /
_cبقلم محمد الأمين الشنقيطي.
264 1 _aالقاهرة :
_bدار ابن تيمية،
_c[بين 1900 و1999]
300 _a248 صفحة ؛
_c24 سم
336 _aنص
_btxt
_2rdacontent
_3كتاب
337 _aبدون وسيط
_bn
_2rdamedia
338 _aمجلد
_bnc
_2rdacarrier
650 7 _aالحج
_2aucsh
650 7 _aالأماكن المقدسة الإسلامية
_zالسعودية
_2aucsh
942 _2ddc
_cBOOK
_n0
949 _aSA-JeALM
_d250831
_uosman123
_n1
999 _c11353
_d11353